书目信息 |
| 书名: | Early man in China | |
| 作者: | by Pierre Teilhard de Chardin. | |
| 分册号: | ||
| 分册名: | 出版地: | New York : |
|
| 出版社: | AMS Press | |
| 出版时间: | [1980]. | |
| 页数: | xi, 99 p. : | |
| 开本: | 24 cm. | |
| 丛书名: | ||
| 中图分类号: | ||
| 科图分类号: | ||
| 其他分类号: | H319.4 | |
| 主题词: | ||
| 电子资源: | ||
| 000 | 00969cam a2200301 i 450 | |
| 001 | E0737414526 | |
| 005 | 20070303102554.90 | |
| 008 | 790917r19801941nyua b 000 0 eng | |
| 010 | @a77086445 | |
| 020 | @a0404166881. | |
| 035 | @A(DLC) 77086445 | |
| 040 | @aDLC@cDLC@dDLC | |
| 043 | @aa-cc--- | |
| 050 | 00 | @aGN772.32.C6@bT44 1980 |
| 082 | 00 | @a931 |
| 090 | @aH319.4 | |
| 099 | @dH319.4@ex335 | |
| 100 | 1 | @aTeilhard de Chardin, Pierre. |
| 245 | 10 | @aEarly man in China / @cby Pierre Teilhard de Chardin. |
| 260 | @aNew York :@bAMS Press,@c[1980]. | |
| 300 | @axi, 99 p. :@bill. ;@c24 cm. | |
| 500 | @aReprint of the 1941 ed. published by the Institut de ge?obiologie, Peking. | |
| 504 | @aBibliography: p. [91]-99. | |
| 650 | 0 | @aPaleolithic period@zChina. |
| 650 | 0 | @aFossil hominids@zChina. |
| 651 | 0 | @aChina@xAntiquities. |
| 906 | @a7@bcbc@corignew@d1@eopcn@f19@gy-gencatlg | |
| 991 | @bc-GenColl@hGN772.32.C6@iT44 1980@tCopy 1@wBOOKS | |
| Early man in China / / by Pierre Teilhard de Chardin.-New York : : AMS Press, , [1980]. |
| xi, 99 p. : : ill. ; ; 24 cm. |
| Reprint of the 1941 ed. published by the Institut de ge?obiologie, Peking.-Bibliography: p. [91]-99. |
| ISBN 0404166881. |
| ● |
| 相关链接 |
|
|
|
|
正题名:Early man in China
索取号:H319.4/x335
 
预约/预借
| 序号 | 登录号 | 条形码 | 馆藏地/架位号 | 状态 | 备注 |
| 1 | 48252 | 202462520 | 第四借阅区/ [索取号:H319.4/x335] | 在馆 |